000 00501nmm a2200157Ia 4500
008 251105s9999||||xx |||||||||||||||||und||
020 _a9781558858381
041 _aspa
_aeng
100 _aArgueta, Jorge
245 0 _aEn carne propia: Memoria poética = Flesh Wounds: A Poetic Memoir
264 _a[Washington, Estados Unidos] :
_bArte Público Press,
_c2017
300 _a208 páginas
650 _aLatin American poetry
856 _uhttps://public.digitaliapublishing.com/a/56050
942 _cCF
999 _c74921
_d74921